| 000 | 01628nam0a22002771 4500 | ||
|---|---|---|---|
| 001 | rc\2655006 | ||
| 005 | 20250529192512.0 | ||
| 035 | _a(NLR Aleph) 006962313 | ||
| 090 |
_a5356824 _c5356824 |
||
| 100 | _a20110614d1928 |||y0rusy50 ca | ||
| 101 | 0 | _arus | |
| 102 | _aRU | ||
| 105 | _ay z ||||| | ||
| 200 | 1 |
_aСаратов в третьей четверти XVIII века _eчитана в заседаниях Исторического кружка при Исторической секции Нижне-Волжского областного научного общества краеведения (руководитель проф. П.Г. Любомиров) и в заседании Секции 17-го мая 1926 года |
|
| 210 |
_aСаратов _d1928 |
||
| 215 |
_a[2], 58 с. _d27 |
||
| 300 | _a"Отдельный оттиск из: "Трудов Нижне-Волжского областного научного об-ва краеведения", вып. 35, ч. 2 | ||
| 316 |
_aЭкз. РНБ на шифре Ир90 В-8/2: с автографом автора _5NLR: Ир90 В-8/2 |
||
| 488 | 0 |
_12001#$aТруды Нижне-Волжского областного научного об-ва краеведения$vвып. 35, ч. 2 _tТруды Нижне-Волжского областного научного об-ва краеведения |
|
| 700 | 1 |
_aКушева _bЕ.Н. _f1899-1990 _gЕкатерина Николаевна |
|
| 801 | 0 |
_aRU _bNLR _gpsbo |
|
| 801 | 1 |
_aRU _bELAR _2rusmarc |
|
| 801 | 2 |
_aRU _bNLR _c20180705 _2rusmarc |
|
| 852 |
_aNLR _jИр90 В-8/2 |
||
| 942 | _cBOOK | ||
| 980 | _aNB | ||